| 000 | 01092nam a22003010a 4500 | ||
|---|---|---|---|
| 001 | PT2926 | ||
| 003 | AR-LpoUNG | ||
| 005 | 20210131230913.0 | ||
| 008 | 191001s1990||||ag |||||||||||||||||spa d | ||
| 020 |
_a9505062206 _c$14 |
||
| 040 |
_aAR-LpoUNG _bspa _cAR-LpoUNG _eaacr |
||
| 041 | _aspa | ||
| 044 | _aag | ||
| 082 | 0 | _aR301.03 752 | |
| 100 | 1 | _aBoudon, Raymond | |
| 245 | 1 | 0 | _aDiccionario crítico de sociología |
| 250 | _a3ª ed. | ||
| 260 |
_aBuenos Aires : _bEdicial, _c1990. |
||
| 300 |
_a749 p. : _bil. |
||
| 520 | _aEste diccionario trata de localizar las cuestiones fundamentales de la sociología, descartar los lugares comunes que se insinúan a través del uso abusivo de las palabras y poner de relieve el vínculo que existe entre ciertos componenetes fundamentales. Además presenta un análisis crítico de la tradición sociológica. | ||
| 650 | 4 | _aMATERIAL DE REFERENCIA | |
| 650 | 4 | _aSOCIOLOGIA | |
| 651 | 4 | _aDOCUMENTOS TEORICOS O METODOLOGICOS | |
| 700 | 1 | _aBourricaud, Francois | |
| 700 | 1 | _aRivera, Enrique,trad. | |
| 905 | _a2926 | ||
| 942 | _cLSALA | ||
| 999 |
_c6818 _d6818 |
||